Szybka matematyka - pierwiastki kwadratowe - Statystyki

Ogólne statystyki
  • Ten quiz został rozwiązany 2 700 razy
  • Średni wynik to 14 z 20
Statystyki odpowiedzi
Pierwiastek Wynik % Poprawnych
1 1
96%
4 2
95%
9 3
95%
25 5
94%
100 10
93%
144 12
93%
16 4
93%
36 6
93%
49 7
93%
64 8
93%
81 9
93%
121 11
90%
169 13
88%
400 20
88%
225 15
84%
256 16
84%
900 30
84%
196 14
82%
625 25
82%
1600 40
80%
289 17
78%
2500 50
78%
3600 60
78%
441 21
75%
324 18
72%
484 22
72%
361 19
71%
529 23
67%
576 24
65%
676 26
65%
729 27
65%
1024 32
65%
784 28
63%
961 31
61%
1225 35
61%
1089 33
60%
2025 45
60%
841 29
58%
1296 36
56%
1156 34
54%
1444 38
53%
3025 55
53%
1681 41
52%
1369 37
51%
1849 43
51%
1521 39
50%
2704 52
50%
2116 46
49%
2601 51
49%
2916 54
49%
1764 42
48%
1936 44
48%
2304 48
48%
2401 49
48%
3136 56
47%
2209 47
46%
3481 59
46%
2809 53
45%
3249 57
43%
3364 58
42%
Nie znaleziono quizów pasujących do podanych kryteriów
Rozkład punktacji
Procent ludzi z każdym wynikiem
Percentyl według liczby udzielonych odpowiedzi
Twoja historia wyników
Nie rozwiązałeś tego quizu